[Event "27th ECC"]
[Site "Rogaska Slatina SLO"]
[Date "2011.09.30"]
[Round "6.2"]
[White "Mamedyarov, Shakhriyar"]
[Black "Inarkiev, Ernesto"]
[Result "1-0"]
[WhiteElo "2746"]
[BlackElo "2692"]
[Annotator "Mueller,Karsten"]
[PlyCount "107"]
[EventDate "2011.09.25"]
[EventType "team"]
[EventRounds "7"]
[EventCountry "SLO"]
[Source "Chess Today"]
[SourceDate "2011.09.30"]
[WhiteTeam "SOCAR"]
[BlackTeam "Tomsk-400"]

1. d4 d5 2. c4 c6 3. Nf3 Nf6 4. Qc2 dxc4 5. Qxc4 Bg4 6. Nc3 Nbd7 7. e4 Bxf3 8.
gxf3 e5 9. Be3 exd4 10. Bxd4 Bd6 11. O-O-O Qc7 12. Ne2 O-O 13. Qc2 Rfe8 14. h4
Nh5 15. Bh3 Rad8 16. Kb1 Nf8 17. Be3 Be5 18. Rdg1 Nf4 19. Nxf4 Bxf4 20. h5 Qe5
21. Bf5 Rd6 22. Rg4 Bxe3 23. fxe3 Red8 24. f4 Qb5 25. Rhg1 g6 26. hxg6 hxg6 27.
R4g2 Qa5 28. e5 Rd2 29. Bxg6 Nxg6 30. Rxg6+ Kf8 31. Rg8+ Ke7 32. Qb3 R8d7 33.
e4 Qc5 34. e6 R7d3 35. Qxb7+ Rd7 36. Qb3 R7d3 37. exf7 Qxg1+ 38. Rxg1 Rxb3 39.
axb3 Rd4 40. Rg6 Kxf7 41. Rxc6 Rxe4 42. Rc4 Re1+ 43. Kc2 Kf6 44. b4 Ke6 45. b5
Re3 46. b3 Rf3 47. Kb2 Kf5 48. Ka3 Rxf4 49. Rxf4+ Kxf4 {The Bodycheck  It is a
very important weapon in the pawn endgame:} 50. Kb4 $1 {The king must come
immediately.} (50. b6 $2 axb6 51. Kb4 Ke5 52. Kb5 Kd4 $1 53. Kxb6 Kc3 $11) (50.
b4 $2 Ke4 51. Ka4 Kd4 52. Ka5 Kc4 53. Ka4 Kc3 54. Ka5 Kb3 55. Ka6 Kxb4 56. Kxa7
Kxb5 $11) 50... Ke4 (50... Ke5 51. Kc5 $1 {[%csl Gd4,Gd5,Gd6] Bodycheck!} Ke6
52. Kc6 $18 {[%cal Gc6b7]}) (50... Ke3 51. Kc3 {[%csl Gd2,Gd3,Gd4]} Ke2 52. b6
axb6 53. b4 b5 54. Kd4 $18 {[%csl Gd3,Ge3][%cal Gd4c5,Gc5b5] Bodycheck!}) 51.
Kc4 $1 {[%csl Gd3,Gd4,Gd5][%cal Ge4d5,Ge4d4,Ge4d3] Bodycheck!} (51. Kc5 $2 Kd3
52. Kc6 Kc3 53. Kb7 Kb4 54. Ka6 Kc5 55. Ka5 Kd4 $3 {Black must be ready for
the counterattack} (55... Kd6 $2 56. b4 Kc7 57. Ka6 Kb8 58. b6 Ka8 59. b7+ Kb8
60. b5 $18) (55... Kd5 $2 56. b6 axb6+ 57. Kxb6 $18) 56. Kb4 Kd3 $11 (56... Kd5
$11)) (51. b6 $2 axb6 52. Kb5 Kd4 53. Kxb6 Kc3 $11) 51... Ke3 52. b4 Kd2 (52...
Ke4 53. b6 axb6 54. Kb5 $18) 53. b6 $1 axb6 54. b5 $1 (54. b5 Ke3 (54... Kc2
55. Kd5 Kc3 56. Kc6 Kb4 57. Kxb6 $18) 55. Kd5 {[%csl Gd4,Ge4] Bodycheck!} Kd3
56. Kc6 Kc4 57. Kxb6 $18) 1-0